000 00257nam a2200121Ia 4500
100 _aBLOOMFIELS/HAROLD
942 _cBK
245 _aTM* DISCOVRING INNER ENERGY & OVER COMING STRESS
260 _b#N/A
300 _a290
546 _aENGLISH
999 _c34118
_d34118